| 000 | 01545 a2200265 4500 | ||
|---|---|---|---|
| 003 | Nust | ||
| 005 | 20230819100355.0 | ||
| 010 | _a 89029716 | ||
| 020 | _q047152221X | ||
| 040 | _cNust | ||
| 082 | 0 | 0 | _a519.538,COR |
| 100 | 1 |
_aCornell, John A., _9114200 |
|
| 245 | 1 | 0 |
_aExperiments with mixtures : _bdesigns, models, and the analysis of mixture data / _cJohn A. Cornell. |
| 250 | _a2nd ed. | ||
| 260 |
_aNew York : _bWiley, _cc1990. |
||
| 300 |
_axix, 632 p. : _bill. ; _c24 cm. |
||
| 440 | 0 | _aWiley series in probability and mathematical statistics. | |
| 505 | _aIntroduction (Page- 1), The Original Mixture Problems Designs and Models for Exploring the Entire Simple Factor Space (Page-21), The Use of Independent Variables (Page-99), Multiple Constraints on the Components Proportions (Page-139), The Analysis of Mixture Data (Page-228), Other Mixture Model Forms (Page-290), The Inclusion of Variables in Mixture Experiments (Page-352), Additional Topics (Page-436), Matrix Algebra Least Squares and the Analysis of Variance (Page-503), Data Stets from Mixture Experiments with Partial Solutions (Page-522). | ||
| 650 | 0 |
_aExperimental design. _910527 |
|
| 650 | 0 |
_aMixtures _xStatistical methods. _9114201 |
|
| 856 | 4 | 2 |
_3Contributor biographical information _uhttp://www.loc.gov/catdir/enhancements/fy0607/89029716-b.html |
| 856 | 4 | 2 |
_3Publisher description _uhttp://www.loc.gov/catdir/description/wiley031/89029716.html |
| 856 | 4 | 2 |
_3Table of Contents only _uhttp://www.loc.gov/catdir/toc/onix01/89029716.html |
| 942 |
_2ddc _cBK |
||
| 999 |
_c181401 _d181401 |
||